Normal view
MARC view
- Death row inmates
Entry Topical Term
001 - CONTROL NUMBER
- control field: 25713
003 - CONTROL NUMBER IDENTIFIER
- control field: NUST
005 - DATE AND TIME OF LATEST TRANSACTION
- control field: 20191116203717.0
008 - FIXED-LENGTH DATA ELEMENTS
- fixed length control field: 191116|| aca||aabn | a|a d
040 ## - CATALOGING SOURCE
- Original cataloging agency: NUST
- Transcribing agency: NUST
150 ## - HEADING--TOPICAL TERM
- Topical term or geographic name entry element: Death row inmates
670 ## - SOURCE DATA FOUND
- Source citation: Work cat.: (NUST)0: Grisham, John. 9825, The chamber /, 1994.
